000 00845cad a22001935a 4500
001 L154475
008 111212s2011 xxk f 000 0 eng d
035 _a(Sirsi) u154475
041 0 _aeng
110 2 _aTransparency International
_95230
245 0 0 _aBribe payers index 2011
_h[electronic resource]
260 _aBrussels
_bTransparency International
_c2011
520 _aThe results of this annual survey include a focus on public works contracts and construction; anti-corruption initiatives in public works contracts and construction; the Construction Sector Transparency Initiative (CoST).
590 _aKA NTK
651 4 _aInternational
690 _aMANAGEMENT-BUSINESS MANAGEMENT-PROFESSIONAL PRACTICE
856 4 0 _uhttps://bpi.transparency.org/results/
_zDownload the report free of charge at bpi.transparency.org
942 _n0
999 _c113000
_d113000